000 00653nam a2200277Ia 4500
005 20260324111349.0
008 008 260324s9999 xx 000 0 eng d
020 _a9780429318061
037 _aEBOOK
040 _aCRL
040 _beng
040 _cCRL
041 _2eng
041 _aeng
084 _qCRL
100 _aNirupama Singh Dar
_91138247
245 0 _aFashion, Popular Culture and Political Economy
260 _bTaylor and Francis
260 _c2025
365 _a
365 _b230
856 _uhttp://www.taylorfrancis.com/books/9780429318061
942 _cEBOOK
999 _c1727046
_d1727046